000 03293pam a2200457 i 4500
001 2024055988
003 DLC
005 20250520092039.0
008 241202s2025 nyu 000 1 eng
010 _a 2024055988
020 _a9781668089330
_q(hardback)
020 _a1668089335
_q(hardback)
035 _a(OCoLC)1472919171
040 _aDLC
_beng
_erda
_cDLC
_dTnLvILS
042 _apcc
050 0 0 _aPS3561.I483
_bN46 2025
082 0 0 _a813/.54
_223/eng/20241202
100 1 _aKing, Stephen,
_d1947-
_eauthor.
245 1 0 _aNever flinch :
_ba novel /
_cStephen King.
250 _aFirst Scribner hardcover edition.
264 1 _aNew York :
_bScribner,
_c[2025]
300 _a448 pages ;
_c24 cm
336 _atext
337 _aunmediated
338 _avolume
520 _a"From master storyteller Stephen King comes an extraordinary new novel with intertwining storylines-one about a killer on a diabolical revenge mission, and another about a vigilante targeting a feminist celebrity speaker-featuring the beloved Holly Gibney and a dynamic new cast of characters. When the Buckeye City Police Department receives a disturbing letter from a person threatening to 'kill thirteen innocents and one guilty' in 'an act of atonement for the needless death of an innocent man,' Detective Izzy Jaynes has no idea what to think. Are fourteen citizens about to be slaughtered in an unhinged act of retribution? As the investigation unfolds, Izzy realizes that the letter writer is deadly serious, and she turns to her friend Holly Gibney for help. Meanwhile, controversial and outspoken women's rights activist Kate McKay is embarking on a multi-state lecture tour, drawing packed venues of both fans and detractors. Someone who vehemently opposes Kate's message of female empowerment is targeting her and disrupting her events. At first, no one is hurt, but the stalker is growing bolder, and Holly is hired to be Kate's bodyguard-a challenging task with a headstrong employer and a determined adversary driven by wrath and his belief in his own righteousness. Featuring a riveting cast of characters both old and new, including world-famous gospel singer Sista Bessie and an unforgettable villain addicted to murder, these twinned narratives converge in a chilling and spectacular conclusion-a feat of storytelling only Stephen King could pull off. Thrilling, wildly fun, and outrageously engrossing, Never Flinch is one of King's richest and most propulsive novels"--
_cProvided by publisher.
588 _aDescription based on publisher data.
_5TnLvILS
650 0 _aWomen detectives
_vFiction.
_95673988
650 0 _aMurder
_vFiction.
_95674892
650 0 _aRevenge
_vFiction.
_95673795
650 0 _aVigilantes
_vFiction.
_95675922
650 0 _aMisogyny
_vFiction.
_95710430
650 0 _aFeminists
_vFiction.
_95807872
650 0 _aStalkers
_vFiction.
_95690906
650 0 _aBodyguards
_vFiction.
_95690910
655 7 _aThrillers (Fiction).
_2lcgft
655 7 _aHorror fiction.
_2lcgft
655 7 _aNovels.
_2lcgft
655 7 _aFiction.
_2lcgft
_95673940
776 0 8 _iOnline version:
_aKing, Stephen, 1947-
_tNever flinch.
_bFirst Scribner hardcover edition
_dNew York : Scribner, 2025
_z9781668089354
_w(DLC) 2024055989
999 _c407958
_d407958